| 000 | 00555nam a2200205Ia 4500 | ||
|---|---|---|---|
| 003 | OSt | ||
| 005 | 20230511161238.0 | ||
| 008 | 210423s1989 xx 000 0 und d | ||
| 020 | _a8181478150 | ||
| 040 | _cAL | ||
| 041 | _aeng | ||
| 082 |
_a581.88028 _223 _b SCHM |
||
| 100 |
_aSCHULER (Mary A);ZIELINSKI (Raymond E). _9103873 |
||
| 245 | _aMethods in plant molecular biology. | ||
| 260 |
_aCalifornia _bAcademic Press _c1989 |
||
| 300 |
_axiv,171 _bPB |
||
| 365 |
_b495 _cINR |
||
| 906 | _abiology. ; Methods ; molecular ; plant | ||
| 942 |
_2ddc _cBK |
||
| 999 |
_c164332 _d164332 |
||